[Event "ARG-ch sf 99th"]
[Site "Buenos Aires"]
[Date "2024.06.04"]
[Round "4"]
[White "Ruiz, Luciano Gabriel"]
[Black "Lieby, Camilo Julian"]
[Result "0-1"]
[WhiteElo "1600"]
[BlackElo "1993"]
[PlyCount "98"]
[EventDate "2024.06.01"]
[EventType "swiss"]
[EventRounds "9"]
[EventCountry "ARG"]
[SourceTitle "CBM 220 Extra"]
[Source "ChessBase"]
[SourceDate "2024.07.31"]
[SourceVersion "1"]
[SourceVersionDate "2024.07.31"]
[SourceQuality "1"]

1. e4 c5 2. Bc4 Nc6 3. Nf3 d6 4. d4 cxd4 5. Nxd4 e6 6. Nc3 Nf6 7. 0-0 a6 8. Nxc6 bxc6 9. Qd4 Qc7 10. Bg5 Be7 11. Rad1 d5 12. exd5 cxd5 13. Bb3 0-0 14. Rfe1 Bb7 15. Rd3 h6 16. Bf4 Qc5 17. Be5 Qxd4 18. Bxd4 Bc6 19. Rg3 Rfe8 20. Na4 Bd6 21. Rc3 Bb4 22. Bxf6 gxf6 23. Rg3+ Kh7 24. c3 Bd6 25. Bc2+ f5 26. Rge3 Rg8 27. Rh3 Rg4 28. b3 Rag8 29. g3 Bxa4 30. bxa4 Rc8 31. Re3 d4 32. Rd3 Rxc3 33. f3 Rg8 34. Rxc3 dxc3 35. Rh4 Rb8 36. Rc4 Be5 37. f4 Bf6 38. Bb3 Rd8 39. h3 h5 40. Kg2 Rd2+ 41. Kf3 Bd4 42. g4 h4 43. gxf5 exf5 44. Rxd4 Rxd4 45. Ke3 Rd6 46. Bc2 Kg6 47. a5 Kf6 48. a4 Rd2 49. Bd3 Rh2 0-1

[Event "Mendoza Mendocino-ch sf"]
[Site "Mendoza"]
[Date "2023.09.30"]
[Round "3"]
[White "Lieby, Camilo Julian"]
[Black "Localonga, Carlos"]
[Result "1-0"]
[WhiteElo "1870"]
[BlackElo "1674"]
[PlyCount "69"]
[EventDate "2023.09.29"]
[EventType "swiss"]
[EventRounds "7"]
[EventCountry "ARG"]
[SourceTitle "CBM 216 Extra"]
[Source "ChessBase"]
[SourceDate "2023.11.30"]
[SourceVersion "1"]
[SourceVersionDate "2023.11.30"]
[SourceQuality "1"]

1. e4 c5 2. Nf3 Nc6 3. d3 g6 4. g3 Bg7 5. Bg2 d6 6. 0-0 Nf6 7. Re1 0-0 8. c3 e5 9. h3 h6 10. Na3 Be6 11. Nc2 Qc7 12. Qe2 Rfe8 13. Nh4 d5 14. f4 dxe4 15. dxe4 exf4 16. gxf4 Bd7 17. Qf2 b6 18. e5 Nh7 19. Ne3 Rad8 20. Nd5 Qc8 21. Qg3 Ne7 22. Nxe7+ Rxe7 23. Be3 Be6 24. Red1 Red7 25. Rxd7 Qxd7 26. Be4 Bxh3 27. f5 Bxf5 28. Bxf5 gxf5 29. Bxh6 f6 30. Nxf5 Ng5 31. Nxg7 Kh7 32. Bxg5 fxg5 33. Nh5 Qd2 34. Nf6+ Kg6 35. Ne4 1-0

[Event "Mendoza Mendocino-ch sf"]
[Site "Mendoza"]
[Date "2023.09.29"]
[Round "2"]
[White "Lieby, Camilo Julian"]
[Black "Needleman, Alejandro"]
[Result "0-1"]
[WhiteElo "1870"]
[BlackElo "2220"]
[PlyCount "110"]
[EventDate "2023.09.29"]
[EventType "swiss"]
[EventRounds "7"]
[EventCountry "ARG"]
[SourceTitle "CBM 216 Extra"]
[Source "ChessBase"]
[SourceDate "2023.11.30"]
[SourceVersion "1"]
[SourceVersionDate "2023.11.30"]
[SourceQuality "1"]

1. e4 g6 2. d4 Bg7 3. Nc3 c6 4. Be3 d5 5. f3 dxe4 6. Nxe4 Nf6 7. Nxf6+ Bxf6 8. Qd2 0-0 9. 0-0-0 e5 10. Bc4 Nd7 11. Ne2 Nb6 12. Bb3 exd4 13. Bxd4 Bxd4 14. Nxd4 c5 15. Qf4 cxd4 16. Rxd4 Qe7 17. Re4 Be6 18. Rhe1 Kg7 19. Bxe6 fxe6 20. Qg4 Rae8 21. Rxe6 Qf7 22. Rxe8 Rxe8 23. Rxe8 Qxe8 24. Qd4+ Kf7 25. Qf4+ Kg8 26. b3 Qd8 27. a4 Nd5 28. Qe5 a6 29. g4 Qd7 30. f4 Ne7 31. h4 Nc6 32. Qe2 Kf8 33. Qf3 Qe7 34. f5 Qf6 35. c3 gxf5 36. gxf5 Qxh4 37. b4 Qe7 38. Qh5 Qf7 39. Qh6+ Ke8 40. b5 axb5 41. axb5 Ne7 42. Qd6 Qxf5 43. Qb8+ Qc8 44. Qe5 Kf7 45. Qh5+ Kg8 46. Kb2 Qd7 47. c4 Ng6 48. Kb3 Kg7 49. Ka4 b6 50. Kb3 Qd4 51. Qf5 h6 52. Kb4 Ne5 53. Qc8 Nd3+ 54. Ka4 Qa1+ 55. Kb3 Qb2+ 0-1